Statistical and computational methods in brain image analysis (Record no. 4830)
[ view plain ]
| 000 -LEADER | |
|---|---|
| fixed length control field | 00879cam a2200301 i 4500 |
| 001 - CONTROL NUMBER | |
| control field | |
| 003 - CONTROL NUMBER IDENTIFIER | |
| control field | OSt |
| 005 - DATE AND TIME OF LATEST TRANSACTION | |
| control field | 20220107122805.0 |
| 008 - FIXED-LENGTH DATA ELEMENTS--GENERAL INFORMATION | |
| fixed length control field | 130530s2014 flua b 001 0 eng |
| 010 ## - LIBRARY OF CONGRESS CONTROL NUMBER | |
| LC control number | |
| 020 ## - INTERNATIONAL STANDARD BOOK NUMBER | |
| International Standard Book Number | 9781439836354 |
| 040 ## - CATALOGING SOURCE | |
| Transcribing agency | IIITMK |
| 082 00 - DEWEY DECIMAL CLASSIFICATION NUMBER | |
| Classification number | 616.80475 CHU/S |
| Edition number | |
| 100 1# - MAIN ENTRY--PERSONAL NAME | |
| Personal name | Chung, Moo K. |
| Relator term | |
| 9 (RLIN) | 7781 |
| 245 10 - TITLE STATEMENT | |
| Title | Statistical and computational methods in brain image analysis |
| Statement of responsibility, etc. | Moo K. Chung. |
| 260 ## - PUBLICATION, DISTRIBUTION, ETC. | |
| Place of publication, distribution, etc. | Boca Raton, |
| Name of publisher, distributor, etc. | CRC Press, |
| Date of publication, distribution, etc. | 2014. |
| 300 ## - PHYSICAL DESCRIPTION | |
| Extent | xvi, 400 p. |
| Other physical details | |
| 440 ## - SERIES STATEMENT/ADDED ENTRY--TITLE | |
| Title | |
| 9 (RLIN) | 7782 |
| 490 0# - SERIES STATEMENT | |
| Series statement | Chapman & Hall/CRC mathematical and computational imaging sciences series |
| 504 ## - BIBLIOGRAPHY, ETC. NOTE | |
| Bibliography, etc. note | |
| 650 #0 - SUBJECT ADDED ENTRY--TOPICAL TERM | |
| Topical term or geographic name entry element | COMPUTATIONAL METHODS |
| General subdivision | |
| 9 (RLIN) | 7783 |
| 650 #0 - SUBJECT ADDED ENTRY--TOPICAL TERM | |
| Topical term or geographic name entry element | BRAIN IMAGE ANALYSIS |
| 9 (RLIN) | 7784 |
| 650 #0 - SUBJECT ADDED ENTRY--TOPICAL TERM | |
| Topical term or geographic name entry element | BRAIN MAPPING |
| 9 (RLIN) | 7785 |
| 650 #0 - SUBJECT ADDED ENTRY--TOPICAL TERM | |
| Topical term or geographic name entry element | BRAIN IMAGING |
| 9 (RLIN) | 7786 |
| 650 #7 - SUBJECT ADDED ENTRY--TOPICAL TERM | |
| Topical term or geographic name entry element | MATHEMATICS |
| Source of heading or term | |
| 9 (RLIN) | 7787 |
| 650 #7 - SUBJECT ADDED ENTRY--TOPICAL TERM | |
| Topical term or geographic name entry element | NEUROSCIENCE |
| Source of heading or term | |
| 9 (RLIN) | 7788 |
| 942 ## - ADDED ENTRY ELEMENTS (KOHA) | |
| Source of classification or shelving scheme | Dewey Decimal Classification |
| Koha item type | Books |
| Withdrawn status | Lost status | Source of classification or shelving scheme | Damaged status | Not for loan | Collection code | Home library | Current library | Shelving location | Date acquired | Cost, normal purchase price | Total Checkouts | Total Renewals | Full call number | Barcode | Date last seen | Date last checked out | Price effective from | Koha item type |
|---|---|---|---|---|---|---|---|---|---|---|---|---|---|---|---|---|---|---|
| Dewey Decimal Classification | Medical Imaging | Kerala University of Digital Sciences, Innovation and Technology Knowledge Centre | Kerala University of Digital Sciences, Innovation and Technology Knowledge Centre | Medicine | 16/09/2015 | 5207.00 | 7 | 6 | 616.80475 CHU/S | 4252 | 27/05/2025 | 10/04/2025 | 16/09/2015 | Books |